000
00316 a2200121 4500
000
nam a22 7a 4500
005
20260203173733.0
020
_a
9781041282051
100
_a
Kumar, Akshaya; Thakur, Raj
_9
1113480
245
_a
Popular Culture in South Asian Context
260
_b
Routledge
_c
2026
942
_c
TEXL
999
_c
1678606
_d
1678606